000
00508nam a2200145Ia 4500
008
100122s9999 xx 000 0 und d
082
_b
18511
_a
822
100
_a
कालेलकर मधुसूदन
245
_a
कल्पवृक्ष कन्येसाठी
260
_b
रंजना प्रकाशन
300
_a
104
630
_a
कल्पवृक्ष कन्येसाठी
730
_a
कल्पवृक्ष कन्येसाठी
942
_c
BOOK
999
_c
407915
_d
407912